Hỏi và đáp môn Những nguyên lý cơ bản của chủ nghĩa Mác LêNin

Sách là tập hợp các câu hỏi tham khảo của môn Nguyên lý cơ bản của Chủ nghĩa Mác LêNin, sách bao gồm 3 phần chính. Phần 1: Thế giới quan và phương pháp luận triết học của Chủ nghĩa Mác - LêNin, phần 2: Học thuyết kinh tế của chủ nghĩa Mác Lê...

Volledige beschrijving

Bewaard in:
Bibliografische gegevens
Hoofdauteur: Nguyễn, Cương Nhiếp
Formaat: Boek
Taal:Undetermined
Gepubliceerd in: Tp. Hồ Chí Minh Trẻ 2011
Onderwerpen:
Tags: Voeg label toe
Geen labels, Wees de eerste die dit record labelt!
Thư viện lưu trữ: Trung tâm Học liệu Trường Đại học Cần Thơ
LEADER 01209nam a2200205Ia 4500
001 CTU_179813
008 210402s9999 xx 000 0 und d
020 |c 50000 
082 |a 320.5322 
082 |b Nh307 
100 |a Nguyễn, Cương Nhiếp 
245 0 |a Hỏi và đáp môn Những nguyên lý cơ bản của chủ nghĩa Mác LêNin 
245 0 |c Nguyễn Cương Nhiếp, Nguyễn Ngọc Khá 
260 |a Tp. Hồ Chí Minh 
260 |b Trẻ 
260 |c 2011 
520 |a Sách là tập hợp các câu hỏi tham khảo của môn Nguyên lý cơ bản của Chủ nghĩa Mác LêNin, sách bao gồm 3 phần chính. Phần 1: Thế giới quan và phương pháp luận triết học của Chủ nghĩa Mác - LêNin, phần 2: Học thuyết kinh tế của chủ nghĩa Mác Lê Nin về phương thức sản xuất tư bản chủ nghĩa, phần 3: Lý luận của Chủ nghĩa Mác Lê Nin về Chủ nghĩa xã hội 
650 |a Marxism-Leninism,Chủ nghĩa Mác - Lênin 
904 |i Kim Linh, Ánh Ngân 
980 |a Trung tâm Học liệu Trường Đại học Cần Thơ